[Event "World Blitz Women 2023"]
[Site "Samarkand UZB"]
[Date "2023.12.30"]
[Round "15.17"]
[White "Fataliyeva, Ulviyya"]
[Black "Kazarian, Anna-Maja"]
[Result "1-0"]
[WhiteElo "2268"]
[BlackElo "2023"]
[EventDate "2023.12.29"]

1. d4 d5 2. Nf3 Nf6 3. c3 c5 4. dxc5 e6 5. b4 a5 6. e3 Be7 7. Bb5+ Bd7 8.
Bxd7+ Nbxd7 9. O-O O-O 10. Nbd2 e5 11. Qe2 e4 12. Nd4 Ne5 13. f3 Re8 14.
fxe4 dxe4 15. a3 g6 16. Nc4 Nd3 17. Nxa5 Nxc5 18. Ndb3 Nd3 19. Nxb7 Qc7 20.
N7c5 Ne5 21. c4 Neg4 22. g3 Bd6 23. Bb2 Qe7 24. h3 Ne5 25. Rxf6 Qxf6 26.
Nxe4 Qe7 27. Nxd6 Qxd6 28. Rd1 Qc6 29. c5 Nf3+ 30. Kf2 Ng5 31. Nd4 Nxh3+
32. Ke1 Qe4 33. Rd3 Ng5 34. c6 Rac8 35. b5 h5 36. b6 Ne6 37. b7 Rb8 38.
Nxe6 Qxe6 39. Qc2 Qe5 40. Bxe5 1-0

[Event "World Blitz Women 2023"]
[Site "Samarkand UZB"]
[Date "2023.12.30"]
[Round "15.18"]
[White "Yakubbaeva, Nilufar"]
[Black "Poliakova, Varvara"]
[Result "0-1"]
[WhiteElo "2237"]
[BlackElo "2049"]
[EventDate "2023.12.29"]

1. e4 e5 2. Nf3 Nc6 3. d4 exd4 4. Nxd4 Nf6 5. Nc3 Bb4 6. Nxc6 bxc6 7. Bd3
d5 8. exd5 cxd5 9. O-O c6 10. Bg5 Be7 11. h3 O-O 12. Qf3 Be6 13. Ne2 Nd7
14. Bxe7 Qxe7 15. Nd4 c5 16. Nf5 Qf6 17. g4 Ne5 18. Qg3 c4 19. f4 Nxd3 20.
cxd3 Bxf5 21. gxf5 Qxf5 22. dxc4 dxc4 23. Rae1 Rfe8 24. Qg4 Qxg4+ 25. hxg4
f6 26. Rc1 Re4 27. Rc3 Rb8 28. Rf2 Rd8 29. Kg2 Kf7 30. Kf3 Rdd4 31. Kg3 Ke6
32. b3 Rd3+ 33. Rxd3 cxd3 34. Rd2 Rd4 35. Kf3 g5 36. fxg5 fxg5 37. Ke3 Rxg4
38. Kxd3 h5 39. Re2+ Kf5 40. Rf2+ Rf4 41. Rc2 h4 42. Rc5+ Kg4 43. Ra5 Rf7
44. b4 h3 45. Ra6 Rh7 46. Re6 h2 47. Re4+ Kf5 0-1

[Event "World Blitz Women 2023"]
[Site "Samarkand UZB"]
[Date "2023.12.30"]
[Round "15.19"]
[White "Hajiyeva, Laman"]
[Black "Soumya, Swaminathan"]
[Result "1-0"]
[WhiteElo "2076"]
[BlackElo "2154"]
[EventDate "2023.12.29"]

1. e4 c5 2. Nf3 d6 3. Bb5+ Nd7 4. d4 cxd4 5. Qxd4 a6 6. Bxd7+ Bxd7 7. O-O
Nf6 8. Bg5 Bc6 9. Nbd2 b5 10. Bxf6 gxf6 11. Nb3 h5 12. Rad1 h4 13. h3 Qc7
14. Rfe1 Bb7 15. c3 Rh5 16. Qe3 Bh6 17. Qe2 Qc4 18. Qc2 a5 19. Nbd4 e6 20.
b3 Qc5 21. Qd3 Rc8 22. Qe2 Bf4 23. a4 bxa4 24. bxa4 Kf8 25. Nb5 Ba6 26.
Nfd4 Re5 27. Qg4 Bg5 28. Qh5 Bxb5 29. Nxb5 Rd8 30. Qe2 Ke7 31. Qd3 Bf4 32.
Qf3 Bg5 33. Rd4 Qc8 34. Red1 d5 35. c4 Rg8 36. cxd5 exd5 37. exd5 Qc2 38.
d6+ Ke6 39. Nc7+ Kd7 40. Nb5 Ke6 41. Qg4+ f5 42. Qf3 Bf6 43. R4d2 Qc5 44.
Qb3+ Kd7 45. Qxf7+ 1-0

[Event "World Blitz Women 2023"]
[Site "Samarkand UZB"]
[Date "2023.12.30"]
[Round "15.20"]
[White "Bobomurodova, Maftuna"]
[Black "Serikbay, Assel"]
[Result "0-1"]
[WhiteElo "1814"]
[BlackElo "2126"]
[EventDate "2023.12.29"]

1. e4 c5 2. Nf3 Nc6 3. d4 cxd4 4. Nxd4 Nf6 5. Nc3 e6 6. Ndb5 Bb4 7. a3
Bxc3+ 8. Nxc3 d5 9. exd5 exd5 10. Bd3 O-O 11. O-O Bg4 12. Be2 Be6 13. Bg5
h6 14. Bh4 g5 15. Bg3 d4 16. Nb5 Ne4 17. Bf3 Nxg3 18. hxg3 Bc4 19. Bxc6
bxc6 20. Nxd4 Bxf1 21. Kxf1 c5 22. Nf5 Qxd1+ 23. Rxd1 Rad8 24. Ne7+ Kg7 25.
Nd5 c4 26. Ke2 f5 27. Ne3 Rxd1 28. Kxd1 f4 29. Nxc4 fxg3 30. fxg3 Kf6 31.
Ke2 Ke6 32. Ne3 h5 33. b4 Ke5 34. c4 Kd4 35. Nd5 Kxc4 36. Nc7 Rf7 37. Na6
Kb5 38. Nc5 a5 39. Nd3 a4 40. Nb2 Rc7 41. Kd3 Rc1 42. Kd2 Ra1 43. Kc2 Rxa3
44. Nd3 Rxd3 45. Kxd3 Kxb4 46. Kc2 Kc4 47. Kb2 Kd4 48. Ka3 Ke3 49. Kxa4 Kf2
0-1

[Event "World Blitz Women 2023"]
[Site "Samarkand UZB"]
[Date "2023.12.30"]
[Round "15.21"]
[White "Getman, Tatyana"]
[Black "Yan, Tianqi"]
[Result "1/2-1/2"]
[WhiteElo "2014"]
[BlackElo "2086"]
[EventDate "2023.12.29"]

1. d4 Nf6 2. c4 e6 3. Nc3 Bb4 4. Qc2 d6 5. g3 O-O 6. Bg2 c5 7. dxc5 Bxc5 8.
e3 Nc6 9. Nge2 Bd7 10. O-O Nb4 11. Qd1 Bc6 12. e4 a5 13. a3 Na6 14. Bf4 Qe7
15. Qc2 h6 16. Rad1 Nc7 17. Na4 e5 18. Bc1 Ba7 19. Nac3 b5 20. Nd5 Bxd5 21.
cxd5 Na6 22. Bd2 Rfc8 23. Qb1 b4 24. Rc1 Rxc1 25. Rxc1 Rb8 26. a4 Nc5 27.
b3 Qb7 28. Rc4 Qa6 29. Nc1 Nxa4 30. Rc6 Nb6 31. Rxd6 Rc8 32. Bh3 Rc7 33.
Bf1 Qc8 34. Nd3 Nxe4 35. Rc6 Rxc6 36. dxc6 Qxc6 37. Be3 Nc3 38. Qe1 e4 39.
Nf4 Bb8 40. Qd2 Nbd5 41. Nxd5 Qxd5 42. Qxd5 Nxd5 43. Bc5 Be5 44. Bc4 Nc3
45. Bb6 a4 46. bxa4 Nxa4 47. Be3 Kf8 48. Kf1 Bd6 49. Ke2 f5 50. Kd2 g5 51.
Bd4 f4 52. gxf4 Bxf4+ 53. Kc2 Bd6 54. Kb3 Nc5+ 55. Bxc5 Bxc5 56. Bd5 Bxf2
57. Bxe4 Bc5 58. h3 Kg7 59. Kc4 Bd6 60. Kd5 Be7 61. Bc2 Kf6 62. Ke4 Ke6 63.
Bb3+ Kd6 64. Kf5 Kc5 65. Kg6 Kd4 66. Kxh6 Kc3 67. Bf7 b3 68. Bg6 b2 1/2-1/2

[Event "World Blitz Women 2023"]
[Site "Samarkand UZB"]
[Date "2023.12.30"]
[Round "15.22"]
[White "Yakimova, Mariya"]
[Black "Shohradova, Leyla"]
[Result "1-0"]
[WhiteElo "2098"]
[BlackElo "1882"]
[EventDate "2023.12.29"]

1. d4 Nf6 2. c4 c5 3. d5 b5 4. cxb5 a6 5. bxa6 g6 6. Nc3 Bg7 7. Nf3 O-O 8.
a7 Rxa7 9. e4 d6 10. Be2 Ba6 11. O-O Bxe2 12. Qxe2 Na6 13. e5 Nd7 14. e6
Ne5 15. Nxe5 Bxe5 16. exf7+ Rxf7 17. Ne4 Nb4 18. Ng5 Rf6 19. Ne6 Qa8 20. f4
Qxd5 21. fxe5 Rxf1+ 22. Qxf1 Qxe6 23. Bh6 Ra8 24. exd6 exd6 25. Re1 Qf7 26.
Qe2 d5 27. a3 Nc6 28. Qb5 Nd4 29. Qxc5 Nf5 30. Bd2 d4 31. Rf1 Re8 32. g4
Qe7 33. Qd5+ Qe6 34. Qxe6+ Rxe6 35. gxf5 Re2 36. Rf2 Re5 37. fxg6 hxg6 38.
a4 Rc5 39. b4 Rc2 40. a5 Rb2 41. Kg2 Kh7 42. Kf3 g5 43. Ke4 Kg6 44. Kxd4
1-0

[Event "World Blitz Women 2023"]
[Site "Samarkand UZB"]
[Date "2023.12.30"]
[Round "15.23"]
[White "Druzhinina, Olga"]
[Black "Savitha, Shri B"]
[Result "1-0"]
[WhiteElo "2055"]
[BlackElo "2183"]
[EventDate "2023.12.29"]

1. e4 c5 2. Nf3 e6 3. g3 Nc6 4. Bg2 Nf6 5. Qe2 d5 6. e5 Nd7 7. d3 h6 8. h4
b5 9. a4 b4 10. c4 bxc3 11. bxc3 Ba6 12. O-O Be7 13. Na3 Rb8 14. Re1 g5 15.
h5 g4 16. Nh2 Ncxe5 17. Bf4 Bf6 18. Nb5 Bxb5 19. axb5 Rxb5 20. Rxa7 Nc6 21.
Ra6 Rb6 22. Rea1 Rxa6 23. Rxa6 Ncb8 24. Ra8 Ke7 25. Bxd5 Qb6 26. Nxg4 Bxc3
27. Bf3 Bg7 28. Kg2 Qb5 29. Ne3 Nc6 30. Nd5# 1-0

[Event "World Blitz Women 2023"]
[Site "Samarkand UZB"]
[Date "2023.12.30"]
[Round "15.24"]
[White "Franco Valencia, Angela"]
[Black "Nadirjanova, Nodira"]
[Result "1-0"]
[WhiteElo "2048"]
[BlackElo "2164"]
[EventDate "2023.12.29"]

1. e4 e6 2. d4 d5 3. Nd2 c5 4. exd5 Qxd5 5. Ngf3 cxd4 6. Bc4 Qd6 7. O-O Nc6
8. Nb3 e5 9. Re1 Be7 10. c3 dxc3 11. Qe2 f6 12. Be3 Be6 13. Rad1 Bxc4 14.
Qxc4 Qc7 15. bxc3 g5 16. Qe6 Qc8 17. Qd5 Nh6 18. Nc5 Nf7 19. Ne6 Ncd8 20.
Qb5+ Qc6 21. Qxc6+ Nxc6 22. Nc7+ Kf8 23. Nxa8 Bd6 24. Nd2 Ke7 25. Nb6 axb6
26. Bxb6 Ra8 27. Nc4 Bb8 28. Bc5+ Ke6 29. a3 b5 30. Nb6 Ra7 31. c4 bxc4 32.
Nxc4 Ra4 33. Nb6 Ra5 34. Be3 Nd6 35. a4 Ba7 36. Rxd6+ Kxd6 37. Nc4+ Kc7 38.
Nxa5 Bxe3 39. Rxe3 Nxa5 40. Rh3 Kb6 41. Rxh7 Kc5 1-0

[Event "World Blitz Women 2023"]
[Site "Samarkand UZB"]
[Date "2023.12.30"]
[Round "15.25"]
[White "Velpula, Sarayu"]
[Black "Kurmangaliyeva, Liya"]
[Result "1-0"]
[WhiteElo "1747"]
[BlackElo "2077"]
[EventDate "2023.12.29"]

1. e4 c5 2. Nf3 e6 3. d4 cxd4 4. Nxd4 Nc6 5. Nc3 Qc7 6. Be3 a6 7. g4 h6 8.
Qd2 Nf6 9. f3 Ne5 10. Qf2 Bb4 11. Bd2 b5 12. h3 Bb7 13. a3 Bc5 14. Be3 d6
15. O-O-O Nc4 16. Bxc4 bxc4 17. h4 Nd7 18. f4 Qa5 19. Nde2 O-O-O 20. Bxc5
Nxc5 21. Qd4 d5 22. Qxg7 dxe4 23. Qxf7 e3 24. Rhe1 Kb8 25. Qf6 Rhf8 26.
Rxd8+ Rxd8 27. Qe5+ Ka8 28. Qxe3 Qc7 29. Rd1 Rf8 30. Rd4 Nd7 31. Qd2 Nb6
32. Rd6 Nd5 33. Rxe6 Nxf4 34. Nxf4 Rxf4 35. Re8+ Ka7 36. Qe3+ 1-0

[Event "World Blitz Women 2023"]
[Site "Samarkand UZB"]
[Date "2023.12.30"]
[Round "15.26"]
[White "Kaliakhmet, Elnaz"]
[Black "Guichard, Pauline"]
[Result "1-0"]
[WhiteElo "1839"]
[BlackElo "2281"]
[EventDate "2023.12.29"]

1. d4 Nf6 2. c4 e6 3. Nf3 d5 4. Nc3 dxc4 5. e4 b5 6. e5 Nd5 7. Nxb5 Nb6 8.
Be3 Be7 9. Be2 Nc6 10. O-O O-O 11. Nc3 Bb7 12. Qc2 Rb8 13. Rac1 Nb4 14. Qb1
Qd7 15. Rfd1 Rfd8 16. a3 N4d5 17. Nxd5 Nxd5 18. Qc2 Nxe3 19. fxe3 c5 20.
dxc5 Qc7 21. Qxc4 Rxd1+ 22. Bxd1 Bd5 23. Qc2 a5 24. Be2 a4 25. e4 Bc6 26.
Kh1 h5 27. Nd4 h4 28. h3 Rd8 29. Nf3 Qb7 30. Bd3 Rb8 31. Rb1 Qa7 32. Rc1
Qb7 33. Rb1 Rd8 34. Rd1 Bxc5 35. Qxc5 Bxe4 36. Qc2 g6 37. Bxe4 Rxd1+ 38.
Qxd1 Qxe4 39. Qd4 Qb1+ 40. Kh2 Kg7 41. Qxh4 Qxb2 42. Qf6+ Kg8 43. Ng5 Qb7
44. Qd8+ Kg7 45. Qf6+ Kg8 46. Qf4 Qc7 47. Ne4 Kg7 48. Nf6 Qc6 49. Qh4 1-0

[Event "World Blitz Women 2023"]
[Site "Samarkand UZB"]
[Date "2023.12.30"]
[Round "15.27"]
[White "Hamrakulova, Yulduz"]
[Black "Strutinskaia, Galina"]
[Result "1-0"]
[WhiteElo "1908"]
[BlackElo "2174"]
[EventDate "2023.12.29"]

1. d4 e6 2. Nf3 Nf6 3. c4 c5 4. d5 b5 5. dxe6 fxe6 6. cxb5 d5 7. e3 Bd6 8.
Be2 Nbd7 9. O-O O-O 10. b3 a6 11. Nc3 Qc7 12. Bb2 Nb6 13. bxa6 Bxa6 14.
Bxa6 Rxa6 15. Nb5 Qb8 16. a4 Ne4 17. Nxd6 Qxd6 18. Qc2 Nd7 19. Rac1 Qb8 20.
Nd2 Nd6 21. Qd3 Rb6 22. f4 c4 23. Qd4 Nf5 24. Qc3 cxb3 25. a5 Rb5 26. g4
Rc5 27. Qxb3 Rxc1 28. Rxc1 Qxb3 29. Nxb3 Nxe3 30. Re1 Nxg4 31. Rxe6 Rb8 32.
a6 Ngf6 33. a7 Ra8 34. Ra6 Ne4 35. Bd4 Kf7 36. Rc6 g6 37. Na5 Ke7 38. Rc7
Kd6 39. Rb7 Nec5 40. Bxc5+ Nxc5 41. Rxh7 d4 42. Nc4+ Kc6 43. Ne5+ Kb6 44.
Nc4+ Kc6 45. Ne5+ Kb5 46. Nxg6 d3 47. Kf2 Re8 48. Ne5 d2 49. Ke2 Nb3 50.
Kd1 Rc8 51. Nd3 Rg8 52. Nf2 Rg1+ 53. Kc2 Nd4+ 54. Kxd2 Ra1 55. Ke3 Nc6 56.
Rh5+ Kb6 57. Ne4 Rxa7 58. f5 Ra1 59. f6 Rf1 60. Rh6 Nd8 61. Ng3 Re1+ 62.
Kf4 Nf7 63. Rh7 Nd6 64. f7 Nxf7 65. Rxf7 Kc5 66. h4 Rg1 67. h5 Rg2 68. Kg4
Rh2 69. Rd7 Kc6 70. Rd3 1-0

[Event "World Blitz Women 2023"]
[Site "Samarkand UZB"]
[Date "2023.12.30"]
[Round "15.28"]
[White "Zhunusbekova, Aimonchok"]
[Black "Kairbekova, Amina"]
[Result "0-1"]
[WhiteElo "1448"]
[BlackElo "2131"]
[EventDate "2023.12.29"]

1. Nf3 Nf6 2. g3 g6 3. Bg2 Bg7 4. O-O O-O 5. d3 d6 6. c3 c5 7. e4 Nc6 8.
Na3 Rb8 9. Qe2 Bg4 10. h3 Bd7 11. d4 e5 12. Be3 Nxe4 13. dxe5 d5 14. Nd2
Nxd2 15. Qxd2 Nxe5 16. Bxc5 Re8 17. Bxa7 Ra8 18. Bd4 Bc6 19. Rfe1 Qd7 20.
Qc2 h5 21. f4 Nc4 22. Nxc4 dxc4 23. Bxg7 Kxg7 24. Rxe8 Rxe8 25. Rd1 Qc7 26.
Qd2 Bxg2 27. Qxg2 Qc5+ 28. Qf2 Qf5 29. Qd4+ Kg8 30. Kg2 Re2+ 31. Kf3 Rxb2
32. Qxc4 Qxh3 33. Rd8+ Kg7 34. Qd4+ f6 35. Rd7+ Kh6 36. Qd6 Qg2+ 37. Ke3
Re2+ 38. Kd3 Rd2+ 39. Kc4 Rxd6 40. Rxd6 Qxa2+ 41. Kc5 Qa3+ 42. Kd5 Qxc3 43.
Ke6 Qxg3 44. Rd8 Qb3+ 45. Kxf6 Qb6+ 46. Ke7 Qxd8+ 0-1

[Event "World Blitz Women 2023"]
[Site "Samarkand UZB"]
[Date "2023.12.30"]
[Round "15.29"]
[White "Zaksaite, Salomeja"]
[Black "Shohradova, Lala"]
[Result "0-1"]
[WhiteElo "2065"]
[BlackElo "1983"]
[EventDate "2023.12.29"]

1. d4 Nf6 2. e3 c5 3. Nf3 d5 4. c3 cxd4 5. exd4 Nc6 6. Bd3 Bg4 7. h3 Bh5 8.
Bf4 e6 9. Nbd2 Bd6 10. Bxd6 Qxd6 11. O-O O-O 12. Re1 Rab8 13. a4 a6 14. Qb3
Na5 15. Qa2 Rfc8 16. Ne5 Nd7 17. Qb1 Bg6 18. Nxg6 hxg6 19. Qd1 Nc6 20. a5
Qc7 21. Qa4 Qf4 22. Qd1 Qc7 23. b4 Ne7 24. Ra3 Nf5 25. Qf3 Qd6 26. g3 Nf6
27. Kg2 Rc7 28. Bb1 Rbc8 29. Qd3 Qd7 30. Nf1 Ne4 31. Rc1 Nfd6 32. Qf3 Nb5
33. Ra1 Rxc3 34. Rxc3 Rxc3 35. Qf4 Nxd4 36. Bxe4 dxe4 37. Qxe4 Rc4 38. Ne3
Rxb4 39. Rc1 Nc6 40. Qc2 Rb5 41. Ng4 Rxa5 42. Rd1 Rd5 43. Rb1 b5 44. Ne3
Rd2 45. Qc5 Qb7 46. Kg1 Nd4 47. Re1 Nf3+ 48. Kf1 Nxe1 49. Kxe1 Rd8 0-1

[Event "World Blitz Women 2023"]
[Site "Samarkand UZB"]
[Date "2023.12.30"]
[Round "15.30"]
[White "Kurbonboeva, Sarvinoz"]
[Black "Allahverdiyeva, Ayan"]
[Result "0-1"]
[WhiteElo "2054"]
[BlackElo "1852"]
[EventDate "2023.12.29"]

1. d4 e6 2. Nf3 b6 3. g3 Bb7 4. Bg2 c5 5. O-O Nf6 6. c4 cxd4 7. Qxd4 g6 8.
Nc3 Bg7 9. Bf4 Nh5 10. Qd2 Nxf4 11. Qxf4 O-O 12. Rfd1 Na6 13. Rac1 Rc8 14.
b3 d5 15. Nb5 Qe7 16. Nxa7 Ra8 17. Nb5 dxc4 18. Qxc4 Nc5 19. Rc2 Bd5 20.
Qf4 Rfc8 21. Qd6 Qb7 22. Rdc1 Bf8 23. Qf4 Qd7 24. Nc3 Bxf3 25. Bxf3 Rab8
26. Rd2 Qe7 27. Qe3 Bg7 28. Na4 Nxa4 0-1

[Event "World Blitz Women 2023"]
[Site "Samarkand UZB"]
[Date "2023.12.30"]
[Round "15.31"]
[White "Tohirjonova, Hulkar"]
[Black "Altynbek, Aiaru"]
[Result "1/2-1/2"]
[WhiteElo "2144"]
[BlackElo "1641"]
[EventDate "2023.12.29"]

1. e4 c6 2. d4 d5 3. Nd2 dxe4 4. Nxe4 Nf6 5. Ng5 h6 6. N5f3 Bg4 7. h3 Bh5
8. Bc4 e6 9. Bf4 Nbd7 10. Qe2 Be7 11. O-O-O O-O 12. g4 Bg6 13. Bd3 Bxd3 14.
Qxd3 Qa5 15. Kb1 c5 16. g5 hxg5 17. Nxg5 cxd4 18. Qxd4 e5 19. Qe3 exf4 20.
Qxe7 Qxg5 21. Nf3 Qb5 22. Rhg1 Rae8 23. Qd6 Qe2 24. Qxf4 Re4 25. Qg5 g6 26.
Nd4 Rxd4 27. Rxd4 Rc8 28. c3 Qxf2 29. Rh4 Rc5 30. Qg2 Qxg2 31. Rxg2 Kg7 32.
Rd4 Rd5 33. Rdd2 Rxd2 34. Rxd2 Kh6 35. b4 Nb6 36. Kc2 Kg5 37. Kb3 Kh4 38.
Rd3 Ne4 39. a4 f5 40. a5 Nc8 41. Rd7 b6 42. Rc7 Ned6 43. a6 Kxh3 44. c4 f4
45. c5 bxc5 46. bxc5 f3 47. cxd6 Nxd6 48. Rc6 f2 49. Rc3+ Kg4 50. Rc1 Kf3
51. Kb4 Ke2 52. Kc5 Nc8 53. Kc6 f1=Q 54. Rxf1 Kxf1 55. Kc7 g5 56. Kxc8 g4
57. Kb7 g3 58. Kxa7 g2 59. Kb7 g1=Q 60. a7 Qg7+ 61. Kb8 Qf8+ 62. Kb7 Qb4+
63. Kc8 Qa5 64. Kb7 Qb5+ 65. Kc8 Qa6+ 66. Kb8 Qb6+ 67. Ka8 Qd8+ 68. Kb7
Qd7+ 69. Kb8 Qd6+ 70. Kb7 Qd5+ 71. Kb8 1/2-1/2

[Event "World Blitz Women 2023"]
[Site "Samarkand UZB"]
[Date "2023.12.30"]
[Round "15.32"]
[White "Naisanga, Sheba Valentine"]
[Black "Karimova, Guldona"]
[Result "0-1"]
[WhiteElo "1358"]
[BlackElo "1547"]
[EventDate "2023.12.29"]

1. d4 Nf6 2. c4 c5 3. d5 e6 4. Nc3 exd5 5. cxd5 d6 6. g3 g6 7. Bg2 Bg7 8.
Nf3 O-O 9. O-O a6 10. Re1 Nbd7 11. e4 Re8 12. Qc2 b5 13. Nd2 Bb7 14. Rb1
Nb6 15. b3 Rc8 16. Qd1 c4 17. bxc4 Nxc4 18. Nxc4 Rxc4 19. Bb2 Qb6 20. Qd3
Rec8 21. h3 Nd7 22. Ne2 Ne5 23. Bxe5 Bxe5 24. Rbc1 Qa5 25. Rxc4 Qxe1+ 26.
Kh2 bxc4 27. Qf3 c3 28. Nxc3 Rxc3 29. Qg4 Qxf2 0-1

[Event "World Blitz Women 2023"]
[Site "Samarkand UZB"]
[Date "2023.12.30"]
[Round "15.33"]
[White "Malikova, Marjona"]
[Black "Khamrakulova, Iroda"]
[Result "1/2-1/2"]
[WhiteElo "1730"]
[BlackElo "2132"]
[EventDate "2023.12.29"]

1. d4 d5 2. c4 e6 3. Nc3 Nf6 4. cxd5 exd5 5. Bg5 Be7 6. Qc2 c6 7. e3 O-O 8.
Bd3 Nbd7 9. Nf3 Re8 10. O-O Nf8 11. Bxf6 Bxf6 12. b4 Bg4 13. Nd2 Bd7 14. a4
a6 15. Rfc1 g6 16. b5 axb5 17. axb5 Ne6 18. bxc6 bxc6 19. Na4 Be7 20. Nb3
f5 21. Nbc5 Bxc5 22. Nxc5 Nxc5 23. Qxc5 Rxa1 24. Rxa1 Qe7 25. Qc3 Qd6 26.
g3 Rb8 27. Ra7 Kf8 28. Qa5 Ke8 29. Ra8 Rxa8 30. Qxa8+ Ke7 31. Qg8 h5 32. h4
Qe6 33. Qg7+ Qf7 34. Qe5+ Qe6 35. Qc7 Qd6 36. Qb7 Kf6 37. Ba6 Ke6 38. Qb6
Ke7 39. Bb7 Ke6 40. Qd8 Qe7 41. Qh8 Qf6 42. Qb8 Qe7 43. Qe5+ Kf7 44. Qh8
Ke6 45. Qa8 Qd6 46. Qg8+ Ke7 47. Qg7+ Kd8 48. Qh8+ Ke7 1/2-1/2

[Event "World Blitz Women 2023"]
[Site "Samarkand UZB"]
[Date "2023.12.30"]
[Round "15.34"]
[White "Aktamova, Zilola"]
[Black "Khamrakulova, Shakhnoza"]
[Result "1-0"]
[WhiteElo "1671"]
[BlackElo "2086"]
[EventDate "2023.12.29"]

1. e4 c5 2. Nf3 e6 3. d4 cxd4 4. Nxd4 a6 5. c4 Qc7 6. Be2 Nc6 7. O-O Nf6 8.
Nc3 Bd6 9. h3 Nxd4 10. Qxd4 Bc5 11. Qd3 b6 12. Bf3 Rb8 13. Re1 d6 14. Bf4
Nd7 15. Rad1 O-O 16. b3 Bb7 17. Bxd6 Bxd6 18. Qxd6 Qxd6 19. Rxd6 Bc8 20.
Red1 Ne5 21. Be2 f5 22. exf5 Rxf5 23. Rd8+ Kf7 24. Ne4 Ke7 25. Rg8 Nf7 26.
Ng3 Ra5 27. a4 Rg5 28. h4 Re5 29. Rxg7 Bb7 30. Bh5 Rf8 31. Bxf7 Rxf7 32.
Rxf7+ Kxf7 33. Rd7+ Kf6 34. Rxb7 Re1+ 35. Kh2 b5 36. axb5 axb5 37. Rxb5 Rb1
38. c5 Rb2 39. b4 Rxf2 40. Ne4+ Ke5 41. Nxf2 1-0

[Event "World Blitz Women 2023"]
[Site "Samarkand UZB"]
[Date "2023.12.30"]
[Round "16.1"]
[White "Gunina, Valentina"]
[Black "Ju, Wenjun"]
[Result "1-0"]
[WhiteElo "2348"]
[BlackElo "2522"]
[EventDate "2023.12.29"]

1. d4 Nf6 2. c4 e6 3. Nf3 d5 4. Nc3 c5 5. cxd5 cxd4 6. Qxd4 exd5 7. Bg5 Be7
8. e3 O-O 9. Rd1 Nc6 10. Qa4 Qb6 11. Bb5 a6 12. Bd3 Qxb2 13. Bxf6 Bxf6 14.
Nxd5 Ne7 15. Rb1 Bc3+ 16. Kf1 Qxb1+ 17. Bxb1 Nxd5 18. Ng5 h6 19. Ne4 Be5
20. h3 Be6 21. g3 Rac8 22. Kg2 Rc4 23. Qd1 b5 24. Qh5 Bb8 25. Rd1 Ne7 26.
Qe2 Bd5 27. f3 Rfc8 28. Nf2 Be6 29. g4 Ba7 30. Qd3 g6 31. Qd6 Nc6 32. Ne4
Rd8 33. Qf4 g5 34. Nf6+ Kf8 35. Rxd8+ Nxd8 36. Qd6+ Kg7 37. Nh5+ 1-0

[Event "World Blitz Women 2023"]
[Site "Samarkand UZB"]
[Date "2023.12.30"]
[Round "16.2"]
[White "Kosteniuk, Alexandra"]
[Black "Koneru, Humpy"]
[Result "1-0"]
[WhiteElo "2455"]
[BlackElo "2452"]
[EventDate "2023.12.29"]

1. e4 e5 2. Nf3 Nc6 3. Nc3 Nf6 4. Bc4 Bb4 5. O-O d6 6. Re1 O-O 7. Nd5 Bc5
8. c3 Nxd5 9. exd5 Ne7 10. d4 exd4 11. Nxd4 Nf5 12. Nf3 h6 13. Re4 a5 14.
Qe2 Bd7 15. Bd3 Qf6 16. Bd2 Rae8 17. Re1 Rxe4 18. Qxe4 g6 19. Qf4 g5 20.
Qg4 Bc8 21. Qe4 Bd7 22. g4 Re8 23. Qxe8+ Bxe8 24. Rxe8+ Kg7 25. Bxf5 c6 26.
dxc6 bxc6 27. Be3 Bxe3 28. Rxe3 c5 29. Kg2 d5 30. Re5 Qd6 31. Re3 a4 32.
Rd3 Qc6 33. h3 Qb5 34. Rd2 Qb7 35. a3 Kf6 36. Bb1 Qc6 37. Ba2 c4 38. Bb1
Qb7 39. Bf5 Kg7 40. Nd4 Qb6 41. Re2 Qb7 42. Bb1 Qb8 43. Nf5+ Kf6 44. Nxh6
Qf4 45. Nf5 Qc1 46. Bc2 Qxb2 47. Ne3 Qxa3 48. Nxd5+ Kg7 49. Re5 f6 50. Re7+
Kf8 51. Ra7 Qc5 52. Ra8+ Kf7 53. Be4 a3 54. Ne3 Ke7 55. Nf5+ Kd7 56. Nd4
Ke7 57. Ra6 Kf7 58. Ra4 Ke7 59. Ra8 Kf7 60. Bf3 Ke7 61. Nc2 Qb5 62. Rxa3
Qb2 63. Ra7+ Kd8 64. Nd4 Qxc3 65. Nc6+ Ke8 66. Re7+ Kf8 67. Rc7 Qd3 68. Nb4
Qd4 69. Nd5 Ke8 70. Ne3 c3 71. Rc8+ Kd7 72. Ra8 Qd2 73. Ra7+ Kd8 74. Ra8+
Kd7 75. Be4 Qd4 76. Bf5+ Kc7 77. Rc8+ Kb7 78. Rc4 Qe5 79. Kf3 Kb6 80. Ke2
Kb5 81. Kd3 Qh2 82. Rxc3 Qxf2 83. Nc2 Qf1+ 84. Kd2 Qf2+ 85. Kc1 Qf1+ 86.
Kb2 Qf2 87. Bd3+ Kb6 88. Be4 Kb5 89. Kb3 Kb6 90. Na3 Qd4 91. Bc2 Qd5+ 92.
Kb2 Qd4 93. Nb1 Qe5 94. Bf5 Qe2+ 95. Kb3 Qb5+ 96. Ka2 Qd5+ 97. Kb2 Qg2+ 98.
Ka3 Qd5 99. Rc2 Qa5+ 100. Kb2 Qb4+ 101. Ka1 Qd4+ 102. Ka2 Qd5+ 103. Kb2
Qb5+ 104. Ka2 Qd5+ 105. Ka3 Qa5+ 106. Kb2 Qb4+ 107. Kc1 Qe1+ 108. Kb2 Qb4+
109. Ka2 Qa4+ 110. Na3 Qd4 111. Kb3 Qd5+ 112. Rc4 Qd1+ 113. Kb2 Qd2+ 114.
Bc2 Qg2 115. Rc3 Qf2 116. Kb3 Qd4 117. Nc4+ Kb7 118. Ne3 Qb6+ 119. Ka2 Qa5+
120. Kb2 Qe5 121. Nc4 Qd4 122. Na5+ Kb6 123. Nb3 Qe5 124. Nd2 Kb5 125. Kb3
Qe6+ 126. Nc4 Ka6 127. Bd3 Kb7 128. Kb4 Qe7+ 129. Kb3 Qe6 130. Kb2 Qe1 131.
Nd6+ Kb6 132. Ne4 Qg1 133. Kb3 Qh1 134. Nxf6 Qxh3 135. Nd7+ Ka7 136. Ne5
Qh2 137. Nc6+ Kb6 138. Nb4 Qg2 139. Bf5 Qf2 140. Rc6+ Kb7 141. Rc3 Kb6 142.
Nd5+ Kb7 143. Be4 Kb8 144. Nb4 Qf7+ 145. Rc4 Qe6 146. Bd5 Qe3+ 147. Rc3 Qb6
148. Kc4 Qc7+ 149. Kb3 Qb6 150. Kc4 Qf2 151. Kb5 Qe2+ 152. Rc4 Qe8+ 153.
Bc6 Qe5+ 154. Rc5 Qb2 155. Bd5 Qe2+ 156. Bc4 Qb2 157. Rf5 Kc7 158. Rxg5 Kd6
159. Rd5+ Ke7 160. g5 Kf8 161. Kc5 Kg7 162. Nc6 Qf2+ 163. Nd4 Qf8+ 164. Kb5
Qb8+ 165. Ka4 Qa7+ 166. Kb4 Qe7+ 167. Rc5 Qe1+ 168. Kb5 Qe8+ 169. Nc6 Qe3
170. Rd5 Kg6 171. Nd4 Qe8+ 172. Kc5 Qe7+ 173. Kb5 Qb7+ 174. Ka4 Qa7+ 175.
Kb4 Qb7+ 176. Nb5 Qe7+ 177. Ka5 Qe1+ 178. Kb6 Qe3+ 179. Kc6 Qe8+ 180. Kc5
Qe3+ 181. Kb4 Qe7+ 182. Ka4 Qe4 183. Kb3 Qb1+ 184. Kc3 Qa1+ 185. Kb4 Qe1+
186. Nc3 Qe7+ 187. Kb3 Qb7+ 188. Rb5 Qf3 189. Bd5 Qe3 190. Be4+ Kg7 191.
Rb7+ Kf8 192. g6 Qd4 193. g7+ Qxg7 194. Rxg7 Kxg7 195. Kc4 Kf6 196. Kd4 Kg5
197. Ke5 Kg4 198. Ne2 Kg5 199. Bf3 Kg6 200. Nf4+ Kg7 201. Bd5 Kh6 202. Kf6
Kh7 203. Ng6 Kh6 204. Bg8 Kh5 205. Ne5 Kh6 206. Ng4+ Kh5 207. Kf5 Kh4 208.
Kf4 Kh5 209. Bf7+ Kh4 210. Be8 Kh3 211. Ne3 Kh4 212. Ng2+ Kh3 213. Kf3 Kh2
214. Bd7 Kg1 215. Kg3 Kf1 216. Bb5+ Kg1 217. Nf4 Kh1 218. Ba6 Kg1 219. Nh3+
1-0

[Event "World Blitz Women 2023"]
[Site "Samarkand UZB"]
[Date "2023.12.30"]
[Round "16.3"]
[White "Zhu, Jiner"]
[Black "Assaubayeva, Bibisara"]
[Result "1-0"]
[WhiteElo "2384"]
[BlackElo "2476"]
[EventDate "2023.12.29"]

1. e4 c5 2. Nf3 d6 3. d4 cxd4 4. Nxd4 Nf6 5. Nc3 a6 6. Be3 e5 7. Nf3 Be7 8.
h3 Qc7 9. g4 Be6 10. g5 Nfd7 11. Nd5 Bxd5 12. Qxd5 Nb6 13. Bxb6 Qxb6 14.
Qb3 Nd7 15. Bc4 O-O 16. Qxb6 Nxb6 17. Bb3 Kh8 18. O-O-O f5 19. gxf6 Rxf6
20. Ng5 h6 21. h4 Rc8 22. Rh3 Nc4 23. a4 b5 24. axb5 axb5 25. Nf3 Rf4 26.
Bxc4 bxc4 27. Re1 c3 28. b3 Ra8 29. Kb1 d5 30. Nxe5 Rxe4 31. Rxe4 dxe4 32.
Rxc3 Bf6 33. Rc5 Re8 34. Ng6+ Kh7 35. h5 e3 36. fxe3 Rxe3 37. Ka2 Re1 38.
b4 Ra1+ 39. Kb3 Kg8 40. b5 Kf7 41. c4 Ke6 42. Rc6+ Kd7 43. Kc2 Ra2+ 44. Kd3
Rh2 45. Nf4 Rh4 46. Nd5 Be5 47. Nb6+ Ke7 48. Nd5+ Kd7 49. Ra6 Rxh5 50. c5
Bh2 51. c6+ Kd6 1-0